000
00196nam a2200085Ia 4500
008
170620s9999 xx 000 0 und d
100
_a
Act
245
4
_a
The Constitution of India
260
_b
Central Law Pub.
260
_c
2014
999
_c
29784
_d
29784